Мудрость долголетия; Высшее образование сегодня; № 1

Detalles Bibliográficos
Parent link:Высшее образование сегодня: научно-практический журнал.— , 2001-.— 1726-667X
№ 1.— 2003.— С. 47-58
Autor principal: Миронов В. Б.
Sumario:Высшее образование в документах: Журнал в журнале
Lenguaje:ruso
Publicado: 2003
Colección:Pro et contra
Materias:
Formato: Capítulo de libro
KOHA link:https://koha.lib.tpu.ru/cgi-bin/koha/opac-detail.pl?biblionumber=384987

MARC

LEADER 00000naa2a2200000 4500
001 384987
005 20231101063320.0
035 |a (RuTPU)RU\TPU\prd\12277 
090 |a 384987 
100 |a 20030401a2003 k y0rusy50 ca 
101 0 |a rus 
102 |a RU 
200 1 |a Мудрость долголетия  |f В. Б. Миронов 
225 1 |a Pro et contra 
300 |a Высшее образование в документах: Журнал в журнале 
461 1 |0 (RuTPU)RU\TPU\prd\1307  |x 1726-667X  |t Высшее образование сегодня  |o научно-практический журнал  |d 2001- 
463 1 |0 (RuTPU)RU\TPU\prd\12105  |t № 1  |v С. 47-58  |d 2003 
610 1 |a социальное прогнозирование 
610 1 |a старость 
610 1 |a продолжительность жизни 
610 1 |a статистика 
700 1 |a Миронов  |b В. Б. 
801 1 |a RU  |b 63413507  |c 20030401  |g PSBO 
801 2 |a RU  |b 63413507  |c 20140728  |g PSBO 
942 |c BK